عرض عادي عرض مارك
  • Macleod, John,

مدخل إسم شخص

عدد التسجيلات المستخدمة في: 2

001 - رقم الضبط

  • حقل الضبط: 17506

003 - معرف رقم الضبط

  • حقل الضبط: OSt

005 - تاريخ ووقت أخر عملية

  • حقل الضبط: 20121022205023.0

008 - عناصر بيانات ثابتة الطول

  • حقل تحكم ثابت الطول: 121022|||a|||||| | ||| d

040 ## - مصدر الفهرسة

  • هيئة الفهرسة الأصلية: OSt
  • وكالة الكتابة: OSt

100 ## - مدخل -- أسم شخص

  • إسم شخص: Macleod, John,
  • تواريخ مرتبطة بالاسم: 1915-

670 ## - بيانات المصدر موجوده

  • الاستشهاد بالمصدر: Work cat.: (OSt)0: Macleod's clinical examination., 2009.